Sports Quiz

Random Sports or Soccer Quiz

Most Valuable Football Players Quiz Stats

 Plays Quiz not verified by Sporcle

Score 0/100 Timer 10:00
0 Plays Today
Team (position) Player % Correct
Juventus (FW)Cristiano Ronaldo
100%
Barcelona (FW)Lionel Messi
95.1%
Real Madrid (FW)Gareth Bale
89.3%
PSG (FW)Neymar
87.4%
Barcelona (FW)Luis Suarez
87.4%
Manchester United (MF)Paul Pogba
86.7%
Atletico Madrid (MF)Koke
86.7%
Atletico Madrid (FW)Diego Costa
86.7%
Bayern Munchen (DF)Jerome Boateng
86.7%
Atletico Madrid (FW)Antoine Griezmann
86.7%
Barcelona (MF)Ivan Rakitic
86.7%
Manchester City (FW)Kun Aguero
86.4%
Arsenal (MF)Mesut Ozil
85.4%
Real Madrid (DF)Sergio Ramos
85.4%
Barcelona (DF)Gerard Pique
84.5%
Chelsea (MF)Eden Hazard
84.5%
Bayern Munchen (MF)James Rodriguez
83%
Manchester United (FW)Romelu Lukaku
82.2%
PSG (FW)Edinson Cavani
81.6%
Bayern Munchen (FW)Thomas Muller
81.6%
Manchester City (FW)Raheem Sterling
80%
Real Madrid (GK)Thibaut Courtois
80%
Juventus (MF)Miralem Pjanic
80%
Manchester City (MF)Kevin De Bruyne
80%
Tottenham (MF)Christian Eriksen
80%
Barcelona (MF)Sergio Busquets
79.6%
Milan (FW)Gonzalo Higuain
77.7%
Manchester United (FW)Alexis Sanchez
77.7%
Bayern Munchen (FW)Robert Lewandowski
77.7%
Real Madrid (DF)Raphael Varane
75.6%
PSG (FW)Kylian Mbappe
75%
Liverpool (FW)Mohamed Salah
75%
Tottenham (FW)Harry Kane
75%
Juventus (FW)Paulo Dybala
75%
Team (position) Player % Correct
Tottenham (MF)Dele Alli
75%
Inter (FW)Mauro Icardi
75%
Manchester City (FW)Leroy Sane
75%
Manchester City (FW)Gabriel Jesus
75%
Barcelona (FW)Ousmane Dembele
75%
Chelsea (MF)N'Golo Kante
75%
Real Madrid (FW)Marco Asensio
75%
Arsenal (FW)Pierre-Emerick Aubameyang
75%
Atletico Madrid (FW)Thomas Lemar
75%
Liverpool (FW)Sadio Mane
75%
Atletico Madrid (MF)Saul Niguez
75%
Barcelona (DF)Samuel Umtiti
75%
Atletico Madrid (GK)Jan Oblak
75%
Liverpool (MF)Naby Keita
75%
Manchester United (FW)Marcus Rashford
75%
Manchester United (FW)Anthony Martial
75%
Napoli (FW)Lorenzo Insigne
75%
Chelsea (FW)Alvaro Morata
75%
Manchester City (FW)Riyad Mahrez
75%
RB Leipzig (FW)Timo Werner
75%
Real Madrid (DF)Daniel Carvajal
75%
Liverpool (GK)Alisson Becker
75%
Arsenal (FW)Alexandre Lacazette
75%
Barcelona (GK)Marc-Andre ter Stegen
75%
Real Madrid (MF)Casemiro
75%
Manchester City (DF)John Stones
75%
Bayern Munchen (DF)Joshua Kimmich
75%
Barcelona (DF)Sergi Roberto
75%
Juventus (FW)Douglas Costa
75%
Ajax (DF)Matthijs De Ligt
75%
Atletico Madrid (DF)Jose Gimenez
75%
Manchester City (FW)Bernardo Silva
75%
Manchester City (GK)Ederson
75%
Manchester United (MF)Fred
75%
Team (position) Player % Correct
Manchester City (DF)Aymeric Laporte
75%
Liverpool (DF)Virgil Van Dijk
75%
Lazio (FW)Ciro Immobile
75%
Tottenham (FW)Heung-min Son
75%
Borussia Dortmund (FW)Christian Pulisic
75%
Liverpool (MF)Fabinho
75%
Bayern Munchen (DF)Mats Hummels
73.8%
Barcelona (MF)Philippe Coutinho
73.3%
Manchester United (GK)David De Gea
73.3%
Real Madrid (MF)Isco
71.1%
Real Madrid (MF)Toni Kroos
68.9%
Real Madrid (DF)Marcelo
68%
PSG (DF)Marquinhos
66.7%
PSG (MF)Marco Verratti
66.7%
Barcelona (DF)Jordi Alba
63.1%
Bayern Munchen (DF)David Alaba
62.1%
Liverpool (FW)Roberto Firmino
60%
Chelsea (FW)Willian
50.5%
Lazio (MF)Sergej Milinkovic-Savic
50%
Lyon (MF)Nabil Fekir
50%
Napoli (DF)Kalidou Koulibaly
50%
Fiorentina (FW)Federico Chiesa
50%
Bayern Munchen (FW)Kingsley Coman
50%
Inter (DF)Milan Skriniar
50%
Marseille (FW)Florian Thauvin
50%
PSG (MF)Adrien Rabiot
50%
Valencia (FW)Rodrigo
50%
Chelsea (MF)Jorginho
50%
Manchester City (DF)Kyle Walker
50%
Barcelona (FW)Malcom
50%
Juventus (FW)Federico Bernardeschi
50%
Bayern Munich (MF)Thiago Alcantara
44.7%

You're not logged in!

Compare scores with friends on all Sporcle quizzes.
Join for Free
OR
Log In

You Might Also Like...

Show Comments

Extras

Top Quizzes Today


Score Distribution

Your Account Isn't Verified!

In order to create a playlist on Sporcle, you need to verify the email address you used during registration. Go to your Sporcle Settings to finish the process.

Report this User

Report this user for behavior that violates our Community Guidelines.

Details: